Knotted surfaces and their diagrams /
Guardado en:
| Autor Principal: | |
|---|---|
| Otros Autores: | |
| Formato: | Libro |
| Idioma: | English |
| Publicado: |
Providence, R.I. :
American Mathematical Society,
c1998.
|
| Series: | Mathematical surveys and monographs ;
no. 55. |
| Materias: | |
| Acceso en línea: | Google Book Search |
| Etiquetas: |
Agregar Etiqueta
Sin Etiquetas, Sea el primero en etiquetar este registro!
|
| LEADER | 01258cam a2200277 a 4500 | ||
|---|---|---|---|
| 001 | MAT.inmabb003711 | ||
| 008 | 970807s1998####riua#####b####001#0#eng## | ||
| 005 | 20130311151155.0 | ||
| 245 | 1 | 0 | |a Knotted surfaces and their diagrams / |c J. Scott Carter, Masahico Saito. |
| 260 | |a Providence, R.I. : |b American Mathematical Society, |c c1998. | ||
| 300 | |a xi, 258 p. : |b il. ; |c 26 cm. | ||
| 490 | 1 | |a Mathematical surveys and monographs, |x 0076-5376 ; |v v. 55 | |
| 504 | |a Incluye referencias bibliográficas (p. 243-255) e índice. | ||
| 505 | 0 | |a 1. Diagrams of knotted surfaces -- 2. Moving knotted surfaces -- 3. Braid theory in dimension four -- 4. Combinatorics of knotted surface diagrams -- 5. The fundamental group and the Seifert algorithm -- 6. Algebraic structures related to knotted surface diagrams. | |
| 510 | 4 | |a MR, |c 98m:57027 | |
| 020 | |a 0821805932 (hardcover) | ||
| 100 | 1 | |a Carter, J. Scott. | |
| 700 | 1 | |a Saito, Masahico, |d 1959- | |
| 830 | 0 | |a Mathematical surveys and monographs ; |v no. 55. | |
| 650 | 0 | |a Knot theory. | |
| 650 | 0 | |a Surfaces. | |
| 084 | |a 57Q45 |2 msc2000 | ||
| 010 | |a 97034494 | ||
| 040 | |a DLC |c DLC |d DLC | ||
| 856 | 4 | 1 | |u http://books.google.com/books?isbn=0821805932 |y Google Book Search |
| 859 | |h 57 |i C323 |p A-7329 |b BIB. MATEMATICA | ||
